000
00246nam a22000977a 4500
999
_c
515671
_d
515671
082
_a
TNC I513 Et99
100
_a
Etzioni, Amitai
_9
21394
245
_a
Modern organizations
_c
by Amitai Etzioni
260
_a
New Delhi
_b
Prentice
_c
1965
300
_a
120p.